000 00974nam a2200253 i 4500
001 bg
100 1 _aSIKORA, Roman.
245 1 0 _aProblemy fizyki z rozwiązaniami.
_nCz.2 /
_cRoman Sikora, Krystyna Chłędowska.
260 _aRzeszów :
_bOficyna Wydawnicza Politechniki Rzeszowskiej,
_c2002.
300 _a327, [1] s. :
_bil. ;
_c24 cm.
500 _aW cz. 1 odwrotna kolejność aut.
504 _aBibliogr.
521 _aSkrypt uczelniany dla studentów: Wydziału Budownictwa i Inżynierii Środowiska, Wydziału Budowy Maszyn i Lotnictwa, Wydziału Chemicznego, Wydziału Elektrotechniki i Informatyki do wykładów i ćwiczeń audytoryjnych z przedmiotu "fizyka".
650 9 _aFizyka
655 _aPodręczniki akademickie
700 1 _aCHŁĘDOWSKA, Krystyna
020 _a8371991983 (cz. 2)
040 _cBPK
041 0 _apl
080 _a53(075.8)
920 _a83-7199-198-3 (cz. 2)
942 _cKS
008 s pl f |000 0 pol
999 _c42414
_d42414
856 _uhttp://koha.tu.koszalin.pl/cgi-bin/koha/opac-detail.pl?biblionumber=42414
_yKatalog online BPK